01838nam a2200349 a 450000100100000000500170001000800410002702000180006804000250008608200190011110000360013024501590016626000350032530000280036050000760038850400320046459000260049665000330052265000320055565000390058765000400062670000340066670000530070071000520075391000370080595201310084295201310097395201310110495201160123595201220135199900150147300000560720250312134346.0090820s2007 dr a 001 0 spa d a9789993425724 aDO-SdBNPbspacBNPHU a616.075bB796s1 aBrache Espinal, Ceferino91582710aSemiología quirúrgica :bantología de experiencias, textos y casos /cCeferino Brache Espinal, Ludwig Frontier Ramos ; prólogo Miguel R. Brache E. aSanto Domingo :bINTEC,c2007. a288 p. :bil. ;c24 cm. aIncluye datos biográficos de los autores en la solapa y contraportada aBibliográfia : p. 283-284 aInventariado, 2018/LP 4aSemiologia (medicina)915828 4aHistorias clínicas915829 0aDiagnóstico quirúrgico 915830 4aExamén físico (medicina)91583112aFrontier Ramos, Ludwig91583212aBrache E., Miguel Rayner,d1982-epról.9158332 aInstituto Tecnológico de Santo Domingo978911 aValidado. Control de calidad MFF 001054708DSaGRbGRcHDd2009-08-20iLF1l0o616.075 B796sp5607-30r2020-06-25te. 3w2020-06-25yLFDSZPréstamo en sala 001054708DSaGRbGRcHDd2013-04-19iLF1l0o616.075 B796sp5607-40r2020-06-25te. 4w2020-06-25yLFDSZPréstamo en sala 001054708DSaGRbGRcHDd2013-06-11iLF1l0o616.075 B796sp5607-50r2020-06-25te. 5w2020-06-25yLFDSZPréstamo en sala 0010718PDaPDbPDcHDd2009-08-20iLF1l0o616.075 B796sp5607-10r2020-06-25w2020-06-25yLFPDZNo se presta 0010718PDaPDbPDcHDd2009-08-20iLF1l0o616.075 B796sp5607-20r2020-06-25te. 2w2020-06-25yLFPDZNo se presta c5406d5406